LEADER 00875nam0-22003131i-450- 001 990003020960403321 035 $a000302096 035 $aFED01000302096 035 $a(Aleph)000302096FED01 035 $a000302096 100 $a20000920d1982----km-y0itay50------ba 101 0 $aita 102 $aIT 200 1 $aBuon giorno Videotel$eL'Italia davanti alla sperimentazione di un nuovo servizio telematico$fA cura di Filiberto Dani. 210 $aVenezia$cMarsilio$cRoma$cSARIN$d1982. 215 $a150 p. , 19 cm 225 1 $aTelematica$v2 610 0 $aTelecomunicazioni$aItalia 676 $aA/5 676 $aH/3.7 702 1$aDani,$bFiliberto 801 0$aIT$bUNINA$gRICA$2UNIMARC 901 $aBK 912 $a990003020960403321 952 $aA/5 DAN$b225$fSES 959 $aSES 996 $aBuon giorno Videotel$9467428 997 $aUNINA DB $aING01 LEADER 01919oas 2200781 a 450 001 9910145187203321 005 20260224110038.0 011 $a1951-6401 035 $a(DE-599)ZDB2267176-6 035 $a(OCoLC)123336245 035 $a(CONSER) 2019207112 035 $a(CKB)1000000000277336 035 $a(DE-599)2267176-6 035 $a(EXLCZ)991000000000277336 100 $a20070420a20079999 sy a 101 0 $aeng 135 $aurmn||||||||| 181 $ctxt$2rdacontent 182 $cc$2rdamedia 183 $acr$2rdacarrier 200 04$aThe European physical journal$iST, Special topics 210 $aLes Ulis, France $cEDP Sciences$d©2007- 215 $a1 online resource 300 $aRefereed/Peer-reviewed 300 $aSome issues also have distinctive titles. 311 08$a1951-6355 517 1 $aST, Special topics 517 3 $aEPJ. 531 1 $aEur. phys. j., spec. top. 606 $aPhysics$vPeriodicals 606 $aPhysics$2fast$3(OCoLC)fst01063025 606 $aNatuurkunde$2gtt 606 $aFísica$2thub 608 $aPeriodicals.$2fast 608 $aPeriodicals.$2lcgft 608 $aRevistes electròniques.$2thub 615 0$aPhysics 615 7$aPhysics. 615 17$aNatuurkunde. 615 7$aFísica. 676 $a500 686 $a33.00$2bcl 712 02$aEDP Sciences, 801 0$bCPV 801 1$bCPV 801 2$bOCL 801 2$bNLGGC 801 2$bCIT 801 2$bOCLCQ 801 2$bOCLCF 801 2$bOCLCQ 801 2$bKSU 801 2$bOCLCQ 801 2$bRCE 801 2$bUKMGB 801 2$bDLC 801 2$bCUS 801 2$bUBY 801 2$bBWN 801 2$bOCLCQ 801 2$bUAB 801 2$bDXU 801 2$bOCLCL 801 2$bOCLCQ 906 $aJOURNAL 912 $a9910145187203321 996 $aThe European physical journal$91896345 997 $aUNINA